000 01012namaa22002891i 4500
003 EG-GICUC
005 20260409112242.0
008 260409s1974 le ||||jr|||| 000 0 ara d
040 _aEG-GiCUC
_bara
_cEG-GiCUC
_dEG-GiCUC
_erda
082 0 4 _221
_a811.9
_bA964
092 0 4 _221
_a811.9
_bA964
099 _a811.9 A964
100 1 _aعوض، ريتا.
_eمؤلف.
245 1 0 _aأسطورة الموت و الانبعاث فى الشعر العربى الحديث /
_cريتا عوض.
250 _aالطبعة الاولى.
264 _aبيروت :
_bالمؤسسة العربية للدراسات والنشر،
_c1974.
300 _a190 صفحة
_b؛
_c15سم.
336 _2rdacontent
_atext
337 _2rdamedia
_aUnmediated
338 _2rdacarrier
_avolume
504 _a.
541 _aد . جابر عصفور ؛
_bالقاهرة ؛
_cإهداء ؛
_d2024.
650 1 7 _aالشعر العربى
_xتاريخ و نقد
_2qrmak
651 1 _2qrmak
905 _aNoha
942 _2ddc
_cBK
_e21
_n0
999 _c179328
_d179328